| 000 | 00673nam a2200181 4500 | ||
|---|---|---|---|
| 008 | 171212b xxu||||| |||| 00| 0 eng d | ||
| 020 | _a971725049 | ||
| 082 |
_21996 _aDFil 001.422 _bSt1 |
||
| 245 |
_aStatistics for college students / _cMilagros R. Pangan...[and others]. |
||
| 260 |
_aMakati City : _bGrandwater Publications, _c ©1996 |
||
| 300 |
_aix, 165 pages : _billustrations ; _c25 cm. |
||
| 650 | 0 |
_925022 _aStatistics _xCollege students. |
|
| 700 |
_925024 _aPangan, Milagros R., author. |
||
| 700 |
_925031 _aSalamat, Lorina G., author. |
||
| 700 |
_925026 _aNocon, Ferdinand P. ,author. |
||
| 700 |
_925028 _aSta. Maria, Antonina C., author. |
||
| 942 |
_2ddc _cDFIL |
||
| 999 |
_c8091 _d8091 |
||